000 00454nam a2200157 4500
001 109739
003 ES-MaACL
005 20230906184912.0
007 t|
008 061121s1970 sp r ||||1| baq d
100 1 _aOnatibia'tar, Yon'ek.
_987055
245 1 0 _aEguberri Abestiak=Villancicos Vascos /
_cYon'ek Onatibia'tar.
260 _aSan Sebastián :
_bEdici. Vitoria,
_c1970.
300 _a119 p. ;
_c14 cm.
852 _aES-MaACL
_jC-49240
_bR.75663
999 _c109739
_d109739